[Event "Senioren 2018"]
[Site "Bad Woerishofen"]
[Date "2018.02.28"]
[Round "6"]
[White "Kelemen, Norbert"]
[Black "Braeu, Emmi"]
[Result "1-0"]
[WhiteElo "1661"]
[BlackElo "1519"]
[PlyCount "57"]
[EventDate "2018.??.??"]
[WhiteTeam "SC Weiße Dame Ulm"]
[BlackTeam "SK Marktoberdorf"]

1. c4 c5 2. g3 Nf6 3. Bg2 d5 4. cxd5 Nxd5 5. Nc3 Nxc3 6. bxc3 Qb6 7. Nf3 Bd7 8.
Qc2 Bc6 9. O-O e6 10. Rb1 Qc7 11. d3 Bd6 12. Be3 Nd7 13. Rfc1 Rb8 14. d4 O-O
15. Ng5 g6 16. Ne4 Be7 17. dxc5 Bxe4 18. Qxe4 Nxc5 19. Qc2 b6 20. Rd1 Rfd8 21.
Bf4 e5 22. Be3 Rxd1+ 23. Rxd1 Rd8 24. Bd5 Bf6 25. c4 Qe7 26. Kg2 Bg5 27. Bxg5
Qxg5 28. Qd2 Kg7 29. Qxg5 1-0

[Event "Senioren 2018"]
[Site "Bad Woerishofen"]
[Date "2018.02.28"]
[Round "6"]
[White "Knischka, Walter"]
[Black "Klein, Klaus"]
[Result "1/2-1/2"]
[WhiteElo "1807"]
[BlackElo "1988"]
[PlyCount "63"]
[EventDate "2018.??.??"]
[WhiteTeam "SK Obergünzburg"]
[BlackTeam "SF Heidelberg"]

1. d4 d5 2. Bf4 Nf6 3. e3 Bf5 4. Nd2 e6 5. Ngf3 Bd6 6. Bg3 O-O 7. c3 h6 8. Ne5
Bxe5 9. Bxe5 Nbd7 10. Bg3 Ne4 11. Nxe4 Bxe4 12. f3 Bg6 13. Bd3 Bxd3 14. Qxd3 c6
15. O-O Qb6 16. Qc2 c5 17. Bf2 cxd4 18. exd4 Rfc8 19. Rfe1 Qc6 20. Rac1 b5 21.
Qe2 Qc4 22. Qxc4 Rxc4 23. a3 a5 24. Red1 Rac8 25. Be3 Nb6 26. Bd2 R4c6 27. Rb1
Nc4 28. Be1 Nd6 29. Kf1 b4 30. axb4 axb4 31. cxb4 Rc2 32. Bc3 1/2-1/2

[Event "Senioren 2018"]
[Site "Bad Woerishofen"]
[Date "2018.02.28"]
[Round "6"]
[White "Koppenhoefer, Heinz"]
[Black "Goldinger, Josef"]
[Result "1-0"]
[WhiteElo "1589"]
[BlackElo "1795"]
[PlyCount "51"]
[EventDate "2018.??.??"]
[WhiteTeam "TSV Solln"]
[BlackTeam "SV Rottweil"]

1. e4 d5 2. exd5 Qxd5 3. d4 Nc6 4. Be3 e5 5. c4 Qa5+ 6. Bd2 Bb4 7. d5 Nd4 8.
Nc3 Nf6 9. a3 Bxc3 10. Bxc3 Qb6 11. b4 c5 12. bxc5 Qxc5 13. h3 a5 14. Nf3 Nxf3+
15. Qxf3 O-O 16. Be2 Re8 17. O-O Bd7 18. Bd2 h6 19. Rfb1 e4 20. Qg3 Kh7 21. Be3
Qc8 22. Rb6 Rg8 23. Qf4 Qd8 24. Rab1 Qf8 25. Bd4 Ne8 26. Rxb7 1-0

[Event "Senioren 2018"]
[Site "Bad Woerishofen"]
[Date "2018.02.28"]
[Round "6"]
[White "Kuenne, Lutz"]
[Black "Koch, Dieter"]
[Result "0-1"]
[WhiteElo "1597"]
[BlackElo "1725"]
[PlyCount "50"]
[EventDate "2018.??.??"]
[WhiteTeam "KC Jena"]
[BlackTeam "SC Ammersee"]

1. d4 d6 2. Bf4 c6 3. e3 Nd7 4. Nf3 Qc7 5. c3 e5 6. Bg3 Be7 7. Nbd2 f5 8. dxe5
Nxe5 9. Nxe5 dxe5 10. Nc4 f4 11. Bh4 Nf6 12. Bxf6 Bxf6 13. exf4 O-O 14. Qd6 Qf7
15. O-O-O Be6 16. Nxe5 Bxe5 17. Qxe5 Bxa2 18. g3 Rfe8 19. Qd4 Bd5 20. Rg1 Re4
21. Qd2 Ra4 22. Bd3 Bb3 23. Rde1 Ra1+ 24. Bb1 Qf5 25. Qd4 Qc2# 0-1

[Event "Senioren 2018"]
[Site "Bad Woerishofen"]
[Date "2018.02.28"]
[Round "6"]
[White "Lange, Manfred"]
[Black "Gerl, Hans"]
[Result "1/2-1/2"]
[WhiteElo "2061"]
[BlackElo "2012"]
[PlyCount "95"]
[EventDate "2018.??.??"]
[WhiteTeam "SV Würzburg"]
[BlackTeam "SK Zirndorf"]

1. Nf3 c5 2. c4 Nc6 3. g3 Nf6 4. Bg2 g6 5. d4 cxd4 6. Nxd4 Bg7 7. Nc3 O-O 8.
Nc2 d6 9. O-O a6 10. Rb1 Rb8 11. h3 Ne5 12. b3 b5 13. cxb5 axb5 14. f4 Ned7 15.
Bb2 b4 16. Na4 Bb7 17. Bxb7 Rxb7 18. Qd2 Qa5 19. Kh2 Ne4 20. Qe3 Nc3 21. Bxc3
bxc3 22. Qxe7 Nc5 23. Qxd6 Nxa4 24. bxa4 Rxb1 25. Rxb1 Qxa4 26. Qd1 Qxa2 27.
Ra1 Qc4 28. Qd3 Qc7 29. Rd1 h5 30. h4 Qc5 31. Kg2 Re8 32. Kf3 Qc6+ 33. Qd5 Qa6
34. Qd3 Qe6 35. f5 gxf5 36. e3 Qe4+ 37. Qxe4 fxe4+ 38. Kf4 Be5+ 39. Kg5 Rb8 40.
Kxh5 Rb2 41. Rc1 Bxg3 42. Kg4 Bf2 43. h5 Kg7 44. Kf4 f5 45. Kxf5 Rb5+ 46. Kxe4
Rxh5 47. Kd4 Bh4 48. Kxc3 1/2-1/2

[Event "Senioren 2018"]
[Site "Bad Woerishofen"]
[Date "2018.02.28"]
[Round "6"]
[White "Loew, Peter"]
[Black "Goris, Ton"]
[Result "1-0"]
[WhiteElo "2117"]
[BlackElo "1939"]
[PlyCount "69"]
[EventDate "2018.??.??"]
[WhiteTeam "SC Waldkraiburg"]

1. e4 e6 2. d3 d5 3. Nd2 Nf6 4. Ngf3 Nc6 5. g3 e5 6. Bg2 dxe4 7. dxe4 Bc5 8.
O-O O-O 9. c3 a5 10. h3 Be6 11. Qe2 Qe7 12. Nh4 Ne8 13. Nc4 Nd6 14. Ne3 Bxe3
15. Qxe3 a4 16. Re1 Na5 17. Nf5 Bxf5 18. exf5 Ndc4 19. Qe2 Qc5 20. Rb1 Nc6 21.
f6 Rfd8 22. Qg4 g6 23. Qh4 Nd6 24. Be3 Qc4 25. Qxc4 Nxc4 26. Bc5 Rd2 27. b3
axb3 28. axb3 Nd6 29. Bxc6 bxc6 30. Rxe5 Ne8 31. Rbe1 Nxf6 32. Bd4 h5 33. Re7
Rxd4 34. cxd4 Nd5 35. Re8+ 1-0

[Event "Senioren 2018"]
[Site "Bad Woerishofen"]
[Date "2018.02.28"]
[Round "6"]
[White "Luebbers, Doris"]
[Black "Grandl, Klaus"]
[Result "0-1"]
[WhiteElo "1541"]
[BlackElo "1588"]
[PlyCount "72"]
[EventDate "2018.??.??"]
[WhiteTeam "SF Taunus"]
[BlackTeam "Sportfr.Windach"]

1. d4 d5 2. Nf3 Nc6 3. e3 Nf6 4. Be2 Bg4 5. O-O e6 6. Ne5 Bxe2 7. Qxe2 Nxe5 8.
dxe5 Nd7 9. f4 g6 10. Nd2 c5 11. b3 Bg7 12. Bb2 O-O 13. Nf3 Qb6 14. c4 Qa6 15.
Rfe1 Nb6 16. cxd5 Qxe2 17. Rxe2 Nxd5 18. Rc1 b6 19. Kf2 Nb4 20. Rd1 Rfd8 21.
Red2 Rxd2+ 22. Rxd2 Nxa2 23. Ba3 Nc3 24. Bb2 Ne4+ 25. Ke2 Nxd2 26. Nxd2 Bf8 27.
Nc4 Rd8 28. g3 Be7 29. h4 h5 30. Nd2 Kf8 31. Nc4 Ke8 32. Na3 Kd7 33. Nc4 Kc6
34. Nd2 Kb5 35. Ba3 a5 36. Nc4 a4 0-1

[Event "Senioren 2018"]
[Site "Bad Woerishofen"]
[Date "2018.02.28"]
[Round "6"]
[White "Meul, Willi"]
[Black "Riedel, Lutz"]
[Result "0-1"]
[WhiteElo "1930"]
[BlackElo "2040"]
[PlyCount "78"]
[EventDate "2018.??.??"]
[WhiteTeam "SV Hürth-Berrenrath"]
[BlackTeam "SK Krumbach"]

1. d4 d5 2. Nf3 Bf5 3. e3 c6 4. c4 e6 5. Qb3 Qb6 6. c5 Qc7 7. Nc3 Nd7 8. Nh4
Bg6 9. Nxg6 hxg6 10. f4 Ngf6 11. Bd3 b6 12. cxb6 axb6 13. Bd2 Be7 14. Qc2 g5
15. a3 gxf4 16. exf4 c5 17. dxc5 bxc5 18. Bb5 Qb7 19. O-O d4 20. Bxd7+ Kxd7 21.
Na4 Qb5 22. b3 Nd5 23. Rac1 Rab8 24. Nxc5+ Bxc5 25. Qxc5 Qxc5 26. Rxc5 Rxb3 27.
Rc4 Rd3 28. Bb4 Ne3 29. Rfc1 Nxc4 30. Rxc4 Rc8 31. Rxc8 Kxc8 32. Kf2 f5 33. Ke2
Rb3 34. Bc5 d3+ 35. Kd2 Kd7 36. h3 Kc6 37. Bb4 Kd5 38. g4 Ke4 39. Bd6 Rb2+ 0-1

[Event "Senioren 2018"]
[Site "Bad Woerishofen"]
[Date "2018.02.28"]
[Round "6"]
[White "Narr, Irmgard"]
[Black "Buss, Richard"]
[Result "0-1"]
[WhiteElo "1679"]
[BlackElo "1595"]
[PlyCount "140"]
[EventDate "2018.??.??"]
[WhiteTeam "SC Mühlhof-Reichelsdorf"]
[BlackTeam "VfR Heisfelde"]

1. e4 c5 2. Bc4 e6 3. Nf3 a6 4. a3 d6 5. d3 h6 6. Bf4 Nc6 7. Nbd2 Be7 8. Nf1
Nf6 9. Ng3 e5 10. Bd2 d5 11. Bb3 O-O 12. exd5 Nxd5 13. O-O Be6 14. Re1 Bf6 15.
Ne4 Be7 16. Be3 Nxe3 17. Rxe3 Bxb3 18. cxb3 f5 19. Nc3 Bf6 20. Qc2 Nd4 21. Qd1
Re8 22. Re1 Qd7 23. Nxd4 cxd4 24. Ne2 Rac8 25. Ng3 g6 26. b4 Kh7 27. h3 Rc6 28.
Rc1 Rec8 29. Rxc6 Rxc6 30. Qb3 Kg7 31. Nf1 Qc7 32. Rd1 Bg5 33. g3 Rc2 34. b5
axb5 35. Qxb5 Rc5 36. Qb4 Be7 37. Qb3 Qc6 38. a4 Ra5 39. Ra1 b5 40. axb5 Rxb5
41. Qa4 Qb7 42. Rb1 Rxb2 43. Rxb2 Qxb2 44. Qd7 Qb4 45. Qd5 Qd6 46. Qb5 Qc7 47.
Kg2 Kf6 48. Nd2 Qc5 49. Qa6+ Kg7 50. Nc4 Qd5+ 51. Kg1 e4 52. dxe4 fxe4 53. h4
d3 54. Ne3 Qd6 55. Qa1+ Qf6 56. Qa4 Qe6 57. Kg2 g5 58. hxg5 Bxg5 59. Qa7+ Kg6
60. Nd1 Qf6 61. Qa4 Qf3+ 62. Kg1 d2 63. Qc2 Qe2 64. Kg2 Kh5 65. Nc3 Qf3+ 66.
Kg1 e3 67. fxe3 Bxe3+ 68. Kh2 Qf2+ 69. Kh3 Qf1+ 70. Kh2 Qg1+ 0-1

[Event "Senioren 2018"]
[Site "Bad Woerishofen"]
[Date "2018.02.28"]
[Round "6"]
[White "Niedermaier, Peter"]
[Black "Straesser, Gerda"]
[Result "1-0"]
[WhiteElo "1817"]
[BlackElo "1658"]
[PlyCount "61"]
[EventDate "2018.??.??"]
[WhiteTeam "SU Ebersberg-Grafing"]
[BlackTeam "SV Rottweil"]

1. e4 e6 2. d4 d5 3. Nd2 dxe4 4. Nxe4 Nd7 5. Nf3 Ngf6 6. Nxf6+ Nxf6 7. Bd3 b6
8. O-O Bb7 9. Re1 Be7 10. c3 O-O 11. Qe2 Re8 12. Ne5 a6 13. Bg5 Nd5 14. Bd2 Nf6
15. b3 b5 16. b4 g6 17. a4 c6 18. Qf3 Qd5 19. Be4 Nxe4 20. Qxf7+ Kh8 21. Bh6
Bf8 22. Bxf8 Rxf8 23. Qxb7 Nxc3 24. Qxc6 Qxd4 25. Nf3 Qxb4 26. axb5 axb5 27.
Rxa8 Rxa8 28. Qxa8+ Kg7 29. Qb7+ Kh6 30. h3 Qb2 31. Qe7 1-0

[Event "Senioren 2018"]
[Site "Bad Woerishofen"]
[Date "2018.02.28"]
[Round "6"]
[White "Plischke, Berthold"]
[Black "Felger, Karl"]
[Result "1-0"]
[WhiteElo "1961"]
[BlackElo "1775"]
[PlyCount "53"]
[EventDate "2018.??.??"]
[WhiteTeam "SV Wesel"]
[BlackTeam "Schachmatt Schorndorf"]

1. e4 c5 2. Nf3 e6 3. d4 cxd4 4. Nxd4 a6 5. Bd3 Ne7 6. c4 Ng6 7. O-O e5 8. Nf5
Nc6 9. Nc3 Nh4 10. Nxh4 Qxh4 11. Nd5 Qd8 12. Be3 Bd6 13. Qg4 Kf8 14. Bb6 Qe8
15. Rae1 Nb4 16. Re3 Nxd5 17. exd5 f6 18. f4 Bb8 19. d6 Bxd6 20. Qe2 Qe7 21.
fxe5 Bc5 22. Bxc5 Qxc5 23. exf6 d5 24. Kh1 Bd7 25. fxg7+ Kxg7 26. Rg3+ Kh6 27.
Qd2+ 1-0

[Event "Senioren 2018"]
[Site "Bad Woerishofen"]
[Date "2018.02.28"]
[Round "6"]
[White "Rahn, Oskar"]
[Black "Rueberg, Jobst"]
[Result "0-1"]
[WhiteElo "2048"]
[BlackElo "2086"]
[PlyCount "68"]
[EventDate "2018.??.??"]
[WhiteTeam "SK Frankenthal"]
[BlackTeam "SV Ahlen"]

1. e4 c5 2. Nf3 a6 3. d4 cxd4 4. Nxd4 Nf6 5. Nc3 e5 6. Nf3 Bb4 7. Bd3 d5 8. Qe2
d4 9. a3 Ba5 10. b4 dxc3 11. bxa5 Nc6 12. O-O Bg4 13. Qe3 h6 14. a4 O-O 15. Ba3
Re8 16. Bc5 Nd7 17. Bb6 Qe7 18. Bc4 Rac8 19. Bd5 Nb4 20. Bb3 Be6 21. Bxe6 Qxe6
22. Rfc1 Nxb6 23. axb6 a5 24. Ne1 Red8 25. Rd1 Rxd1 26. Rxd1 Qc6 27. Ra1 Rd8
28. g3 Rd2 29. Rc1 Rd4 30. Nf3 Rxe4 31. Nxe5 Qd5 32. Qxc3 Rxe5 33. Qc8+ Kh7 34.
c4 Qe4 0-1

[Event "Senioren 2018"]
[Site "Bad Woerishofen"]
[Date "2018.02.28"]
[Round "6"]
[White "Rubke, Manfred"]
[Black "Fuchs, Michael"]
[Result "1/2-1/2"]
[WhiteElo "2114"]
[BlackElo "2065"]
[PlyCount "40"]
[EventDate "2018.??.??"]
[WhiteTeam "TSV Haunstetten"]
[BlackTeam "DJK SF Haselbach"]

1. c4 c5 2. f4 Nc6 3. Nf3 g6 4. Nc3 Bg7 5. e3 Nf6 6. Be2 O-O 7. O-O d5 8. cxd5
Nxd5 9. a3 b6 10. Qc2 Bb7 11. Rb1 e6 12. b3 Nxc3 13. dxc3 e5 14. f5 e4 15. Nd2
gxf5 16. Rxf5 Ne7 17. Rf1 f5 18. c4 Bh6 19. Qc3 Bg7 20. Qc2 Bh6 1/2-1/2

[Event "Senioren 2018"]
[Site "Bad Woerishofen"]
[Date "2018.02.28"]
[Round "6"]
[White "Schnell, Franz"]
[Black "Schulz, Franz"]
[Result "1-0"]
[WhiteElo "1733"]
[BlackElo "1630"]
[PlyCount "115"]
[EventDate "2018.??.??"]
[WhiteTeam "SV Trossingen"]
[BlackTeam "SV Ebersbach"]

1. d4 Nf6 2. Bf4 d5 3. e3 e6 4. Nf3 Bd6 5. Ne5 Nbd7 6. Nd2 c5 7. Nxf7 Kxf7 8.
Bxd6 cxd4 9. exd4 Qb6 10. Ba3 Qxd4 11. Be2 Ne4 12. Nxe4 Qxe4 13. O-O Nf6 14.
Re1 g6 15. Bf3 Qc4 16. Bd6 Bd7 17. b3 Qc6 18. Be5 Rhf8 19. Qd4 Ke7 20. Rad1 Rf7
21. c4 Qb6 22. c5 Qc6 23. Bxf6+ Rxf6 24. Bxd5 Qa6 25. Bc4 Qc6 26. b4 a6 27. Re2
Raf8 28. Red2 Rd8 29. a4 Qxa4 30. Qd6+ Ke8 31. Qb6 Qc6 32. Qxc6 bxc6 33. Bxa6
Rf7 34. Bc4 Re7 35. b5 Rc8 36. b6 Rb8 37. Rb2 Bc8 38. Rd6 Rd7 39. Rxe6+ Kd8 40.
Re1 Rd4 41. Bf7 Bd7 42. h3 Rb7 43. Ra1 Kc8 44. Rba2 g5 45. Ra8+ Rb8 46. Rxb8+
Kxb8 47. Rc1 h6 48. g4 Kb7 49. Rc3 Kb8 50. Kg2 Kb7 51. Kg3 Kb8 52. f3 Kb7 53.
h4 Kb8 54. hxg5 hxg5 55. Rc4 Rd1 56. Re4 Rg1+ 57. Kf2 Rc1 58. Re5 1-0

[Event "Senioren 2018"]
[Site "Bad Woerishofen"]
[Date "2018.02.28"]
[Round "6"]
[White "Singeisen, Hermann"]
[Black "Neumann, Erwin"]
[Result "1/2-1/2"]
[WhiteElo "1972"]
[BlackElo "1789"]
[PlyCount "101"]
[EventDate "2018.??.??"]
[BlackTeam "SK Schwäbisch Hall"]

1. d4 Nf6 2. c4 e6 3. Nc3 d5 4. Bg5 Be7 5. e3 b6 6. cxd5 exd5 7. Nf3 Bb7 8. Bd3
Ne4 9. Bxe7 Qxe7 10. Qc2 O-O 11. O-O Nd7 12. Nd2 f5 13. Rae1 Rf6 14. f4 Rh6 15.
Nf3 Ndf6 16. Ne5 Nh5 17. Nf3 c5 18. dxc5 bxc5 19. Bxe4 fxe4 20. Ng5 Nf6 21. Qd1
Rd8 22. Rf2 Rg6 23. Rd2 h6 24. Nh3 Qe6 25. Nf2 Bc6 26. Ne2 d4 27. Ng3 Qe8 28.
f5 Rg5 29. Nh3 Rg4 30. Nf2 Rh4 31. b4 Ba4 32. Qc1 cxb4 33. Qc4+ Kh7 34. Rxd4
Rxd4 35. Qxd4 a5 36. Rc1 Bd7 37. Rc5 Qa8 38. Rc7 Qe8 39. Qd6 Qf7 40. Qd2 Qe8
41. Qd4 Qd8 42. Rc2 Qb8 43. Nh3 b3 44. axb3 Qxb3 45. Rd2 Ba4 46. Nf2 Qb1+ 47.
Nf1 Bc2 48. g3 Rh5 49. Qc5 Bd3 50. Nxd3 exd3 51. Qe5 1/2-1/2

[Event "Senioren 2018"]
[Site "Bad Woerishofen"]
[Date "2018.02.28"]
[Round "6"]
[White "Speicher, Franz"]
[Black "Fuchs, Joachim"]
[Result "1-0"]
[WhiteElo "1868"]
[BlackElo "1767"]
[PlyCount "75"]
[EventDate "2018.??.??"]
[WhiteTeam "SV Dicker Turm Esslingen"]
[BlackTeam "SC Starnberg"]

1. d4 d5 2. Bf4 c6 3. c3 Nf6 4. Nd2 Nbd7 5. e3 g6 6. Bd3 Bg7 7. Ngf3 Nh5 8. Bg5
b6 9. Qc2 Bb7 10. g4 Nhf6 11. h3 c5 12. Ne5 c4 13. Be2 Nxe5 14. dxe5 Nd7 15. f4
d4 16. Bf3 Bxf3 17. Nxf3 d3 18. Qa4 Qc8 19. Nd4 Qc5 20. Kd2 h6 21. Bh4 Qd5 22.
Raf1 g5 23. Bf2 O-O 24. Nf5 Rfe8 25. e4 Qxe4 26. Re1 Qf3 27. Rhf1 Rad8 28. Bxb6
Qxh3 29. Bd4 Nb6 30. Qd1 Rxd4 31. cxd4 Qg2+ 32. Kc1 c3 33. Qxd3 cxb2+ 34. Kb1
Nd5 35. Rg1 Qh2 36. fxg5 hxg5 37. Rh1 Qf4 38. Qe4 1-0

[Event "Senioren 2018"]
[Site "Bad Woerishofen"]
[Date "2018.02.28"]
[Round "6"]
[White "Spurga, Josef"]
[Black "Keller, Harald"]
[Result "0-1"]
[WhiteElo "1942"]
[BlackElo "2055"]
[PlyCount "76"]
[EventDate "2018.??.??"]
[WhiteTeam "VfL Sindelfingen"]
[BlackTeam "SV Rottweil"]

1. d4 Nf6 2. c4 e6 3. Nf3 b6 4. g3 Bb7 5. Bg2 Bb4+ 6. Bd2 Be7 7. O-O O-O 8. Nc3
d5 9. cxd5 exd5 10. Rc1 Nbd7 11. Bf4 Nh5 12. Bd2 c5 13. e3 Nhf6 14. Ne2 Ne4 15.
b3 Rc8 16. dxc5 bxc5 17. Bc3 Bf6 18. Bxf6 Ndxf6 19. h3 Qe7 20. Qd3 Rfd8 21.
Rfd1 h6 22. Nh4 g6 23. Nf3 g5 24. Nh2 Qe6 25. f3 Ba6 26. Qc2 Bxe2 27. Qxe2 Nxg3
28. Qf2 Nf5 29. Nf1 d4 30. exd4 cxd4 31. Re1 Rxc1 32. Rxc1 Nd5 33. Nd2 Nf4 34.
Re1 Ne3 35. Qg3 Nfxg2 36. Qxg2 Nxg2 37. Rxe6 fxe6 38. Kxg2 Kg7 0-1

[Event "Senioren 2018"]
[Site "Bad Woerishofen"]
[Date "2018.02.28"]
[Round "6"]
[White "Teubner, Wolfgang"]
[Black "Rampp, Gerhard"]
[Result "0-1"]
[WhiteElo "1791"]
[BlackElo "2067"]
[PlyCount "76"]
[EventDate "2018.??.??"]
[WhiteTeam "SF Blaustein"]
[BlackTeam "TSV Haunstetten"]

1. Nf3 Nf6 2. d4 e6 3. Bg5 Be7 4. Bxf6 Bxf6 5. e4 c5 6. c3 Qb6 7. Qb3 cxd4 8.
Qxb6 axb6 9. e5 dxc3 10. Nxc3 Be7 11. Rc1 Nc6 12. a3 f6 13. Nb5 O-O 14. exf6
Bxf6 15. Rc2 d5 16. Be2 Bd7 17. O-O Rad8 18. h3 Be8 19. Rd1 Bf7 20. Nh2 e5 21.
Ng4 Bg5 22. g3 h5 23. Nh2 Bg6 24. Rc3 e4 25. f4 Bf6 26. Rb3 Bf7 27. Re3 Rfe8
28. g4 d4 29. Rg3 h4 30. Rg2 d3 31. Bf1 g5 32. f5 Nd4 33. Nc7 Re7 34. Ne6 Nxe6
35. fxe6 Bd4+ 36. Kh1 Rxe6 37. Bxd3 exd3 38. Nf3 Be3 0-1

[Event "Senioren 2018"]
[Site "Bad Woerishofen"]
[Date "2018.02.28"]
[Round "6"]
[White "Titz, Waldemar"]
[Black "Thiel, Harry"]
[Result "0-1"]
[WhiteElo "1770"]
[BlackElo "1632"]
[PlyCount "104"]
[EventDate "2018.??.??"]
[WhiteTeam "SV Rottweil"]
[BlackTeam "Schachpinguine Berlin"]

1. e4 e5 2. Nf3 Nc6 3. d4 exd4 4. Nxd4 Bc5 5. Be3 Qf6 6. c3 Nge7 7. Be2 d6 8.
O-O O-O 9. Nc2 Re8 10. Qd2 Qg6 11. Bf3 Ne5 12. Qe2 Be6 13. b3 f5 14. Bh5 Qf6
15. Bd4 g6 16. Bf3 f4 17. Nd2 Rf8 18. Rac1 g5 19. Bxe5 dxe5 20. Bg4 Bf7 21. b4
Bb6 22. a4 a5 23. b5 Rad8 24. Nc4 h5 25. Nxb6 hxg4 26. Nd5 Bxd5 27. exd5 f3 28.
Qe4 Nxd5 29. Ne3 Nf4 30. Kh1 fxg2+ 31. Nxg2 Kg7 32. Rcd1 Nxg2 33. Rxd8 Rxd8 34.
Kxg2 b6 35. Re1 Rd2 36. Re2 Rxe2 37. Qxe2 Qf4 38. c4 Kf6 39. Qd3 Qd4 40. Qe2
Kf5 41. f3 gxf3+ 42. Qxf3+ Qf4 43. Qb3 g4 44. Kg1 Qd4+ 45. Kg2 e4 46. Qc2 Qd3
47. Qc1 e3 48. Qg1 Qe4+ 49. Kf1 Qf3+ 50. Ke1 Qf4 51. Kd1 Qd4+ 52. Kc1 Qa1+ 0-1

[Event "Senioren 2018"]
[Site "Bad Woerishofen"]
[Date "2018.02.28"]
[Round "6"]
[White "Villing, Dieter"]
[Black "Okrajek, Alexander"]
[Result "1-0"]
[WhiteElo "2094"]
[BlackElo "2207"]
[PlyCount "83"]
[EventDate "2018.??.??"]
[WhiteTeam "SK Ludwigshafen"]
[BlackTeam "SC Siegburg"]

1. e4 c5 2. Nf3 Nc6 3. Bb5 g6 4. O-O Bg7 5. Re1 e6 6. Bxc6 dxc6 7. e5 g5 8. d3
g4 9. Nfd2 f5 10. Nc4 h5 11. Nc3 Nh6 12. Nd6+ Kf8 13. Bf4 Qe7 14. Qd2 Nf7 15.
a4 a5 16. Nc4 Qc7 17. Qe3 b6 18. Rad1 Ba6 19. Nd6 Qe7 20. Nb1 Rg8 21. Na3 Rd8
22. Nac4 Bxc4 23. Nxc4 Rd4 24. g3 Qc7 25. c3 Rxf4 26. gxf4 Bh6 27. d4 b5 28.
Nd6 Nh8 29. axb5 Ng6 30. dxc5 Nxf4 31. b6 Qb8 32. Kf1 Kg7 33. Qd4 h4 34. Qc4
Nd5 35. Qa6 Bf4 36. Qb7+ Qxb7 37. Nxb7 Bxh2 38. Rxd5 cxd5 39. c6 f4 40. c7 g3
41. fxg3 Bxg3 42. Nd8 1-0

[Event "Senioren 2018"]
[Site "Bad Woerishofen"]
[Date "2018.02.28"]
[Round "6"]
[White "Waltenberger, Udo"]
[Black "Zwetz, Anita"]
[Result "1-0"]
[WhiteElo "2038"]
[BlackElo "1842"]
[PlyCount "85"]
[EventDate "2018.??.??"]
[WhiteTeam "SV Eiche Reichenbrand"]
[BlackTeam "TSV Kareth-Lappersdorf"]

1. Nf3 d5 2. g3 e6 3. Bg2 Nf6 4. O-O Bd6 5. d4 Nbd7 6. c4 c6 7. Nbd2 O-O 8. b3
e5 9. dxe5 Nxe5 10. Bb2 Nxf3+ 11. Bxf3 Bh3 12. Re1 dxc4 13. Nxc4 Bc7 14. e4 Nd7
15. e5 Nc5 16. Nd6 Bb6 17. Qc2 Qc7 18. Nc4 Rfe8 19. Rad1 Ne6 20. Qe2 Bf5 21.
Nd6 Bg6 22. Nxe8 Rxe8 23. Be4 Ng5 24. Bxg6 Bxf2+ 25. Kxf2 hxg6 26. Qg4 Ne6 27.
Rd6 Qb6+ 28. Bd4 Qa5 29. Re2 Qb4 30. Qe4 c5 31. Bb2 Qb5 32. Qc4 Qa5 33. Qa4
Qxa4 34. bxa4 Re7 35. Red2 Rc7 36. Rd7 Rc8 37. Rxb7 c4 38. Rc2 a6 39. Ke3 Rc6
40. Rb4 Rc5 41. Rcxc4 Rd5 42. Rc8+ Kh7 43. Rh4# 1-0

[Event "Senioren 2018"]
[Site "Bad Woerishofen"]
[Date "2018.02.28"]
[Round "6"]
[White "Wawrinsky, Ludwig"]
[Black "Hertkorn, Dieter"]
[Result "1-0"]
[WhiteElo "1760"]
[BlackElo "1547"]
[PlyCount "111"]
[EventDate "2018.??.??"]
[WhiteTeam "SK Neuperlach"]

1. e4 e5 2. Nf3 Nc6 3. Bc4 Bc5 4. Nc3 Nf6 5. d3 h6 6. h3 d6 7. Na4 b6 8. Nxc5
dxc5 9. O-O O-O 10. a3 Bb7 11. Bd2 Re8 12. Nh2 Nd4 13. Kh1 Qd7 14. f4 b5 15.
Ba2 c4 16. fxe5 Rxe5 17. Bxh6 Re6 18. Be3 Nxe4 19. dxe4 Rxe4 20. Bxd4 Rxd4 21.
Qe2 Rd2 22. Rad1 Rd8 23. Rxd2 Qxd2 24. Qf2 Rd7 25. Bb1 Be4 26. Kg1 Qd5 27. c3
Bxg2 28. Qxg2 Qxg2+ 29. Kxg2 Rd2+ 30. Rf2 Rxf2+ 31. Kxf2 g6 32. Be4 f5 33. Bc6
a6 34. Nf3 Kf7 35. Ng5+ Ke7 36. h4 Kf6 37. Kf3 Ke5 38. Bb7 a5 39. Bc6 b4 40.
axb4 Kd6 41. b5 Ke5 42. Nh3 a4 43. Nf4 Kf6 44. Nd5+ Ke5 45. Nxc7 Kd6 46. Na6
Ke6 47. b6 Kf6 48. b7 a3 49. bxa3 g5 50. hxg5+ Kxg5 51. b8=Q Kf6 52. Kf4 Kg7
53. Kxf5 Kf7 54. Qc7+ Kf8 55. Kf6 Kg8 56. Qg7# 1-0

[Event "Senioren 2018"]
[Site "Bad Woerishofen"]
[Date "2018.02.28"]
[Round "6"]
[White "Winter, Bernd"]
[Black "Bjorgvik, Jan Arne"]
[Result "0-1"]
[WhiteElo "1925"]
[BlackElo "1756"]
[PlyCount "140"]
[EventDate "2018.??.??"]
[WhiteTeam "Münchener SC"]

1. e4 c6 2. d4 d5 3. Nc3 dxe4 4. Nxe4 Nf6 5. Nxf6+ exf6 6. Nf3 Bd6 7. Bd3 O-O
8. O-O Bg4 9. h3 Bh5 10. Be3 Qc7 11. g4 Bg6 12. c4 Bf4 13. Kg2 Re8 14. Qd2 Bxe3
15. fxe3 Be4 16. Bxe4 Rxe4 17. Qd3 Re7 18. e4 Nd7 19. Rae1 Rd8 20. Qc2 Nf8 21.
d5 cxd5 22. exd5 Rxe1 23. Nxe1 Ng6 24. Kh1 Rc8 25. b3 b5 26. Qf5 bxc4 27. bxc4
Qxc4 28. Ng2 Ne7 29. Qf4 Qxd5 30. Qa4 Qc4 31. Qd1 Ng6 32. a4 Qc6 33. Kh2 Qc2
34. Qd4 Qc4 35. Qd1 Re8 36. Qd7 Qxf1 37. Qxe8+ Nf8 38. Qb8 Qf2 39. Kh1 g6 40.
Nf4 Kg7 41. Qc7 a6 42. a5 Qf1+ 43. Kh2 Qf2+ 44. Kh1 Qe1+ 45. Kg2 Qe5 46. Qc4
Qxa5 47. h4 Qd2+ 48. Kf3 a5 49. h5 h6 50. hxg6 fxg6 51. Qc7+ Nd7 52. Ne6+ Kf7
53. Nd8+ Kg8 54. Qc4+ Kh8 55. Nf7+ Kg7 56. Qe6 Ne5+ 57. Nxe5 Qc3+ 58. Kg2 Qxe5
59. Qd7+ Kf8 60. Qd8+ Kf7 61. Qd7+ Qe7 62. Qd5+ Kg7 63. Qxa5 Qe2+ 64. Kh1 Qe4+
65. Kg1 Qxg4+ 66. Kf1 h5 67. Qa7+ Kh6 68. Qe3+ Qg5 69. Qe8 Qf5+ 70. Kg2 h4 0-1

[Event "Senioren 2018"]
[Site "Bad Woerishofen"]
[Date "2018.02.28"]
[Round "6"]
[White "Zerweck, Christoph"]
[Black "Ganslmayer, Anton"]
[Result "1/2-1/2"]
[WhiteElo "1897"]
[BlackElo "1992"]
[PlyCount "41"]
[EventDate "2018.??.??"]
[WhiteTeam "SV Herrenberg"]
[BlackTeam "SC Wangen"]

1. e4 e6 2. d4 d5 3. Nc3 dxe4 4. Nxe4 Bd7 5. Bd3 Bc6 6. Nf3 Nd7 7. O-O Ngf6 8.
Re1 Bxe4 9. Bxe4 c6 10. Bd3 Qc7 11. Ne5 Nxe5 12. dxe5 Nd7 13. Bf4 O-O-O 14. Qe2
h6 15. a3 g5 16. Bd2 Be7 17. b4 h5 18. b5 c5 19. Bc3 Nb6 20. Bb2 c4 21. Be4
1/2-1/2

[Event "Senioren 2018"]
[Site "Bad Woerishofen"]
[Date "2018.03.01"]
[Round "7"]
[White "Bjorgvik, Jan Arne"]
[Black "Di Lazzaro, Gabriele"]
[Result "0-1"]
[WhiteElo "1756"]
[BlackElo "1899"]
[PlyCount "146"]
[EventDate "2018.??.??"]

1. e4 c5 2. Nf3 d6 3. d4 cxd4 4. Nxd4 Nf6 5. Nc3 Nc6 6. Be2 e5 7. Nf3 h6 8. h3
Be7 9. Be3 O-O 10. O-O Be6 11. Qd2 Rc8 12. Rfd1 a6 13. Ne1 Qc7 14. a3 Qb8 15.
f3 Ne8 16. Bf1 Bd8 17. Nd5 Bxd5 18. Qxd5 Ne7 19. Qb3 Nf6 20. c4 Nd7 21. Nd3 Nc6
22. Nb4 Nxb4 23. Qxb4 Rc6 24. Rd2 Bb6 25. Bxb6 Nxb6 26. Rad1 Nc8 27. Qb3 Qc7
28. a4 Nb6 29. Rc2 Nd7 30. Qb4 Nc5 31. a5 Ne6 32. Qa3 Nd4 33. Rcd2 b6 34. b4
bxa5 35. Qxa5 Qxa5 36. bxa5 Rb8 37. Ra2 Kf8 38. Rdd2 Rc5 39. Kf2 Ke7 40. Rd1
Kd7 41. Rda1 Kc7 42. Ra4 Rb2+ 43. Kg1 Nb3 44. R1a3 Nd2 45. Be2 Nxe4 46. fxe4
Rxe2 47. Rb4 Rxe4 48. Rab3 Kd7 49. Rb7+ Ke6 50. Ra7 Rexc4 51. Rxa6 Ra4 52. Rbb6
Rd5 53. Kf1 Raxa5 54. Rxd6+ Rxd6 55. Rxa5 f5 56. Ke2 g5 57. Ra8 f4 58. Rh8 Kf5
59. Kf3 e4+ 60. Ke2 Ra6 61. Kf2 Ra2+ 62. Kg1 e3 63. Kf1 Kg6 64. Re8 h5 65. Re6+
Kf5 66. Re8 Rf2+ 67. Kg1 g4 68. Rh8 Kg5 69. hxg4 hxg4 70. Rg8+ Kh4 71. Ra8 Kg3
72. Rh8 Rxg2+ 73. Kh1 Rd2 0-1